Monestir de Sant Llorenç (segles VII – XXI) : Guardiola de Berguedà Guardiola de Berguedà
Publicado:
Barcelona :
Diputació de Barcelona. Àrea de Territori i Sostenibilitat. Gerència de Serveis d'Equipaments, Infraestructures Urbanes i Patrimoni Arquitectònic ,
2013
Descripción Física:
21 p. : il. ; 21 cm
MARC
| LEADER | 00000nam a2200000Ia 4500 | ||
|---|---|---|---|
| 001 | 24078 | ||
| 008 | 160829s2013 xx 000 0 cat d | ||
| 080 | |a FU-64-30 | ||
| 245 | |a Monestir de Sant Llorenç (segles VII – XXI) : |b Guardiola de Berguedà | ||
| 260 | |a Barcelona : |b Diputació de Barcelona. Àrea de Territori i Sostenibilitat. Gerència de Serveis d'Equipaments, Infraestructures Urbanes i Patrimoni Arquitectònic, |c 2013 | ||
| 300 | |a 21 p. : |b il. ; |c 21 cm | ||
| 610 | 2 | 0 | |a Monestir de Sant Llorenç prop Bagà |v Guies |9 55155 |
| 710 | 1 | |a Guardiola de Berguedà (Catalunya). |b Ajuntament |9 52727 | |
| 710 | |a Barcelona (Catalunya : Província). |b Servei de Patrimoni Arquitectònic Local |9 19202 | ||
| 901 | |a Arxiu | ||
| 942 | |n 1 | ||
| 952 | |0 0 |1 0 |4 0 |6 FU6430 |7 1 |9 55818 |a Arxiu |b Arxiu |d 2016-12-01 |l 0 |o FU-64-30 |p 24078 |r 2016-12-01 00:00:00 |w 2016-12-01 |y ARXIU | ||
| 999 | |c 59691 |d 59691 | ||